Subdivisions of Lombard Italy in 755 AD with a Map - Statistics

General Stats
  • This quiz has been taken 1,191 times
  • The average score is 12 of 27
Answers on the Map
Answers color-coded by a green-red scale on the quiz's map according to % correct below.
 
Answer Stats
Duchies % Correct
Mediolanum (Milan)
92%
Tuscia (Tuscany)
92%
Taurinum (Turin)
73%
Liguria
70%
Verona
69%
Tridentum (Trento)
66%
Parma
63%
Ravenna
60%
Patavium (Padua)
54%
Augusta Praetoria (Aosta)
48%
Forum Iulii (Friuli)
47%
Brixia (Brescia)
45%
Mantua
44%
Beneventum (Benevento)
43%
Bergomum (Bergamo)
42%
Papia (Pavia)
41%
Spoletum (Spoleto)
38%
Regium (Reggio Emilia)
36%
Tarvisium (Treviso)
29%
Placentia (Piacenza)
28%
Vicetia (Vicenza)
28%
Hasta (Asti)
26%
Eporedia (Ivrea)
12%
Ceneta (Vittorio Veneto)
6%
Pentapolis
6%
Persicetum (San Giovanni in Persiceto)
5%
Sancti Iulii (Orta San Giulio)
5%
No matching quizzes found
Score Distribution
Percent of People with Each Score
Percentile by Number Answered
Your Score History
You have not taken this quiz